Escudos de Times de Futebol - Brasil - Região Sul - Nível HARD - Statistics

Estatísticas Gerais
  • Esse quiz foi jogado 153 vezes
  • A pontuação média é 24 de 45
Estatísticas das Respostas
Imagem Resposta % Correto
Londrina
95%
Brusque
94%
Brasil de Pelotas
92%
Operário Ferroviário
91%
Ypiranga de Erechim
90%
Maringá
89%
Cascavel
88%
São José-RS
84%
Tubarão
83%
Cianorte
74%
Novo Hamburgo
74%
Juventus de Jaraguá
73%
Marcílio Dias
72%
Azuriz
71%
Pelotas
65%
Hercílio Luz
64%
Aimoré
63%
Barra
63%
São Luiz
61%
Avenida
58%
Concórdia
58%
Guarany de Bagé
54%
Rio Grande
53%
São Paulo-RS
44%
Santa Cruz-RS
42%
Grêmio Maringá
41%
Inter de Lages
40%
PSTC
40%
Esportivo
38%
Gaúcho
38%
Toledo
36%
Lajeadense
35%
Rio Branco-PR
35%
Bagé
33%
Inter de Santa Maria
33%
União-PR
33%
Carlos Renaux
27%
Próspera
27%
Blumenau
26%
Paranavaí
26%
Almirante Barroso
25%
Iraty
19%
Metropol
19%
Riograndense
17%
Francisco Beltrão
14%
Nenhum quiz correspondente encontrado
Distribuição das Pontuações
Porcentagem de Pessoas com Cada Pontuação
Percentil de Números Respondidos
Sua Pontuação Histórica
Você não jogou esse quiz